Propuesta de la politica industrial de El Salvador (Registro nro. 7912)

Detalles MARC
000 -LEADER
fixed length control field 00418nam a2200145Ia 4500
008 - FIXED-LENGTH DATA ELEMENTS--GENERAL INFORMATION
fixed length control field 230420s9999 xx 000 0 und d
040 ## - CATALOGING SOURCE
Original cataloging agency UPAN
Transcribing agency Biblioteca San Vicente
Description conventions RCAA2
041 ## - LANGUAGE CODE
Language code of text/sound track or separate title spa
082 ## - DEWEY DECIMAL CLASSIFICATION NUMBER
-- 38.09M565p
110 ## - MAIN ENTRY--CORPORATE NAME
Corporate name or jurisdiction name as entry element Ministerio de Economia
245 #0 - TITLE STATEMENT
Title Propuesta de la politica industrial de El Salvador
260 ## - PUBLICATION, DISTRIBUTION, ETC. (IMPRINT)
Place of publication, distribution, etc El Salvador
Name of publisher, distributor, etc Ministerio de Economia
Date of publication, distribution, etc 2009
300 ## - PHYSICAL DESCRIPTION
Extent 16 p.
Dimensions 22 cm.
942 ## - ADDED ENTRY ELEMENTS (KOHA)
Koha item type Libros

No hay ítems disponibles.